[Event "75. Campeonato Brasileiro 2008 - Final"]
[Site "Porto Alegre BRA"]
[Date "2008.12.14"]
[Round "8.1"]
[White "Barreto Filho, Carlos Alberto"]
[Black "Di Berardino, Diego Rafael"]
[Result "1/2-1/2"]
[WhiteElo "2300"]
[BlackElo "2503"]
[PlyCount "164"]
[EventDate "2008.12.07"]
[EventType "team-tourn"]
[EventRounds "11"]
[EventCountry "BRA"]
[EventCategory "9"]
[Source "lmi"]
[SourceDate "2008.12.07"]

1. e4 c5 2. Nf3 e6 3. d4 cxd4 4. Nxd4 Nc6 5. Nc3 a6 6. Nxc6 bxc6 7. Bd3 d5 8.
O-O Nf6 9. Qf3 Be7 10. e5 Nd7 11. Qg3 g6 12. Bh6 Rb8 13. b3 a5 14. Na4 Nb6 15.
Nxb6 Rxb6 16. Rfe1 Bf8 17. Bg5 Be7 18. Bh6 Rb7 19. Re3 Qb6 20. Rf3 Qd4 21. Rd1
Rg8 22. Bd2 a4 23. Rf4 Qxe5 24. Rxa4 Qxg3 25. hxg3 f6 26. Ra8 Kd7 27. Ba5 Bc5
28. a4 Ra7 29. Rxa7+ Bxa7 30. c4 Bb7 31. b4 Ra8 32. cxd5 exd5 33. Kf1 Bb8 34.
Ke2 Ba6 35. b5 Bb7 36. bxc6+ Bxc6 37. Bc3 Rxa4 38. Bxf6 Ba7 39. Ra1 Rxa1 40.
Bxa1 d4 41. f3 Kd6 42. Bc4 Bd7 43. g4 g5 44. Bb2 h6 45. g3 Bc5 46. Bc1 Bb4 47.
Kd3 Bc5 48. f4 Bxg4 49. fxg5 Bf5+ 50. Ke2 h5 51. Bf4+ Ke7 52. Bd3 Bg4+ 53. Kf2
Bd6 54. Bd2 Be5 55. Bc4 Kf8 56. Bd5 Kg7 57. Be4 Be6 58. Kf3 Bf7 59. Bf4 Bxf4
60. gxf4 Bc4 61. f5 d3 62. Ke3 h4 63. Bg2 Kf7 64. Bh3 Ke7 65. Bg4 Kf7 66. Bh3
Bb5 67. Bg4 Ke7 68. f6+ Kf7 69. Bh5+ Ke6 70. Bg4+ Kf7 71. Bh5+ Ke6 72. Bg4+ Kf7
73. Kf4 Bc4 74. Bh5+ Ke6 75. Kg4 d2 76. Kxh4 Bb3 77. Bg4+ Kf7 78. Kh5 d1=Q 79.
Bxd1 Bxd1+ 80. Kh6 Bb3 81. Kh5 Bc2 82. Kh6 Bg6 1/2-1/2

[Event "75. Campeonato Brasileiro 2008 - Final"]
[Site "Porto Alegre BRA"]
[Date "2008.12.14"]
[Round "8.3"]
[White "Oliveira, Silvio Eduardo"]
[Black "Lima, Darcy"]
[Result "1/2-1/2"]
[WhiteElo "2345"]
[BlackElo "2488"]
[PlyCount "141"]
[EventDate "2008.12.07"]
[EventType "team-tourn"]
[EventRounds "11"]
[EventCountry "BRA"]
[EventCategory "9"]
[Source "lmi"]
[SourceDate "2008.12.07"]

1. e4 e6 2. d4 d5 3. Nc3 Nf6 4. e5 Ne4 5. Nxe4 dxe4 6. Bc4 c5 7. d5 Nd7 8. dxe6
fxe6 9. Bxe6 Qe7 10. Bxd7+ Bxd7 11. Qh5+ g6 12. Qg5 Qe6 13. Ne2 Bg7 14. Be3 b6
15. Nf4 Qxe5 16. Qxe5+ Bxe5 17. O-O-O Rf8 18. g3 Bg4 19. Rd5 Rf5 20. Rd2 Rd8
21. Rxd8+ Kxd8 22. Re1 Kd7 23. h4 Bg7 24. Ne2 Kc6 25. Nc3 Bf3 26. Bf4 Rf6 27.
Nb1 Rf7 28. c3 Bf6 29. Bh6 Be7 30. Nd2 Bd6 31. Nxf3 Rxf3 32. Be3 c4 33. Kd2 Rf5
34. Kc2 Ra5 35. Bc1 Rf5 36. Be3 Bc5 37. Bxc5 Rxc5 38. Re2 Rf5 39. Kd1 Rf3 40.
Kd2 Kd5 41. Ke1 Ke5 42. Rd2 e3 43. fxe3 Rxg3 44. Rd7 Ke4 45. Rxh7 Kxe3 46. Kd1
Rg4 47. Rg7 b5 48. Rxa7 Rxh4 49. Rb7 Rh5 50. Rb6 Rd5+ 51. Kc2 g5 52. b3 Rd2+
53. Kc1 Rg2 54. bxc4 bxc4 55. Rg6 g4 56. a4 Kd3 57. a5 Kxc3 58. Kb1 Rb2+ 59.
Kc1 Ra2 60. Kb1 Rxa5 61. Rxg4 Kb3 62. Rg3+ c3 63. Rg2 Ra3 64. Rh2 Ra8 65. Rb2+
Kc4 66. Rb7 Rd8 67. Kc2 Rd2+ 68. Kc1 Ra2 69. Rc7+ Kb3 70. Rb7+ Kc4 71. Rc7+
1/2-1/2

[Event "75. Campeonato Brasileiro 2008 - Final"]
[Site "Porto Alegre BRA"]
[Date "2008.12.14"]
[Round "9.3"]
[White "Diamant, Andre"]
[Black "Leitao, Rafael"]
[Result "1/2-1/2"]
[WhiteElo "2412"]
[BlackElo "2590"]
[PlyCount "37"]
[EventDate "2008.12.07"]
[EventType "team-tourn"]
[EventRounds "11"]
[EventCountry "BRA"]
[EventCategory "9"]
[Source "lmi"]
[SourceDate "2008.12.07"]

1. e4 c5 2. Nf3 d6 3. d4 cxd4 4. Nxd4 Nf6 5. Nc3 a6 6. Be2 e6 7. O-O Be7 8. f4
O-O 9. a4 Nc6 10. Be3 Qc7 11. Kh1 Re8 12. Bf3 Rb8 13. Qd2 Bd7 14. Nb3 b6 15. g4
Bc8 16. g5 Nd7 17. Bg2 Bf8 18. Rf3 g6 19. Rh3 1/2-1/2

[Event "75. Campeonato Brasileiro 2008 - Final"]
[Site "Porto Alegre BRA"]
[Date "2008.12.14"]
[Round "9.6"]
[White "Di Berardino, Diego Rafael"]
[Black "Gattas, Allan"]
[Result "1-0"]
[WhiteElo "2503"]
[BlackElo "2223"]
[PlyCount "69"]
[EventDate "2008.12.07"]
[EventType "team-tourn"]
[EventRounds "11"]
[EventCountry "BRA"]
[EventCategory "9"]
[Source "lmi"]
[SourceDate "2008.12.07"]

1. e4 c5 2. Nf3 d6 3. d4 cxd4 4. Nxd4 Nf6 5. Nc3 e6 6. g4 h6 7. Bg2 Nc6 8. h3
Be7 9. Be3 a6 10. Qe2 Qc7 11. O-O-O Nxd4 12. Rxd4 b5 13. f4 Rb8 14. a3 Nd7 15.
h4 Bf6 16. Rd3 b4 17. axb4 Rxb4 18. g5 hxg5 19. hxg5 Rxh1+ 20. Bxh1 Be7 21. Kb1
Nb6 22. Na2 Rb5 23. b3 Bb7 24. Rc3 Qd8 25. Bc1 g6 26. Rh3 Kd7 27. Bb2 Kc7 28.
Rh7 Qe8 29. Nc1 Nd7 30. Qc4+ Rc5 31. Qa4 Rc6 32. Rh8 Bf8 33. Nd3 Qa8 34. Qa5+
Nb6 35. Bd4 1-0

[Event "75. Campeonato Brasileiro 2008 - Final"]
[Site "Porto Alegre BRA"]
[Date "2008.12.15"]
[Round "10.1"]
[White "Barreto Filho, Carlos Alberto"]
[Black "Gattas, Allan"]
[Result "0-1"]
[WhiteElo "2300"]
[BlackElo "2223"]
[PlyCount "148"]
[EventDate "2008.12.07"]
[EventType "team-tourn"]
[EventRounds "11"]
[EventCountry "BRA"]
[EventCategory "9"]
[Source "lmi"]
[SourceDate "2008.12.07"]

1. e4 e5 2. Nf3 Nc6 3. Bb5 Nf6 4. O-O Be7 5. Re1 d6 6. c3 O-O 7. h3 a6 8. Ba4
b5 9. Bc2 d5 10. exd5 Qxd5 11. Qe2 Bd6 12. b4 e4 13. Bxe4 Nxe4 14. Qxe4 Qxe4
15. Rxe4 Bf5 16. Re1 a5 17. bxa5 Rxa5 18. d4 Be6 19. Nbd2 Bxa2 20. Ne4 Be7 21.
Bf4 Rc8 22. Ned2 Kf8 23. Ne5 Nxe5 24. Bxe5 f6 25. Bf4 Ra3 26. Nb1 Ra4 27. Nd2
c5 28. Be3 b4 29. cxb4 cxb4 30. Rec1 Rxc1+ 31. Rxc1 b3 32. Rc8+ Kf7 33. Rb8 Rb4
34. Ra8 Rb7 35. d5 Bb4 36. Nc4 Rc7 37. Nb2 Rc2 38. Na4 b2 39. Nxb2 Rxb2 40.
Ra7+ Kg6 41. Bc1 Rc2 42. Be3 Bxd5 43. Ra1 Bc5 44. Bxc5 Rxc5 45. Rd1 Rb5 46. Kh2
h5 47. Rd4 Kf5 48. Rh4 Bf7 49. Ra4 g5 50. h4 Rd5 51. hxg5 fxg5 52. Ra7 Bg6 53.
Ra6 g4 54. Kg3 Kg5 55. f4+ Kf5 56. Ra4 Bf7 57. Ra7 Rd3+ 58. Kh4 Bd5 59. Kxh5
Kxf4 60. Ra4+ Be4 61. Kh4 Rd8 62. g3+ Kf3 63. Ra3+ Bd3 64. Rb3 Rh8+ 65. Kg5
Rg8+ 66. Kh4 Ke3 67. Ra3 Kd2 68. Ra2+ Ke1 69. Ra5 Be2 70. Rh5 Kf2 71. Rf5+ Bf3
72. Rh5 Ra8 73. Ra5 Rh8+ 74. Kg5 Kxg3 0-1

[Event "75. Campeonato Brasileiro 2008 - Final"]
[Site "Porto Alegre BRA"]
[Date "2008.12.16"]
[Round "11.3"]
[White "Lima, Darcy"]
[Black "Milos, Gilberto"]
[Result "0-1"]
[WhiteElo "2488"]
[BlackElo "2593"]
[PlyCount "84"]
[EventDate "2008.12.07"]
[EventType "team-tourn"]
[EventRounds "11"]
[EventCountry "BRA"]
[EventCategory "9"]
[Source "lmi"]
[SourceDate "2008.12.07"]

1. d4 Nf6 2. Nf3 e6 3. c4 b6 4. Bf4 Bb7 5. e3 Bb4+ 6. Nfd2 O-O 7. a3 Be7 8. Nc3
d5 9. cxd5 exd5 10. Bd3 c5 11. O-O Nbd7 12. Qf3 a6 13. Rad1 b5 14. g4 g6 15. h4
cxd4 16. exd4 Re8 17. Rfe1 Nf8 18. h5 Rc8 19. hxg6 hxg6 20. Bb1 Qd7 21. Ba2
Rcd8 22. Bg5 N8h7 23. Bh4 g5 24. Bg3 Qxg4 25. Qxg4 Nxg4 26. Nb3 Ngf6 27. Nc5
Bxc5 28. Rxe8+ Rxe8 29. dxc5 d4 30. Nb1 Ne4 31. Bc7 g4 32. Rxd4 Nhg5 33. Kf1
Nf3 34. Rd7 Ned2+ 35. Kg2 Ne5+ 36. Bd5 Nxd7 37. Bxb7 Nxc5 38. Nxd2 Nxb7 39. b4
f5 40. Nb3 Kf7 41. Nd4 Kf6 42. Bg3 Re4 0-1

[Event "75. Campeonato Brasileiro 2008 - Final"]
[Site "Porto Alegre BRA"]
[Date "2008.12.16"]
[Round "11.5"]
[White "Di Berardino, Diego Rafael"]
[Black "Bittencourt, Jorge"]
[Result "1-0"]
[WhiteElo "2503"]
[BlackElo "2455"]
[PlyCount "139"]
[EventDate "2008.12.07"]
[EventType "team-tourn"]
[EventRounds "11"]
[EventCountry "BRA"]
[EventCategory "9"]
[Source "lmi"]
[SourceDate "2008.12.07"]

1. e4 c5 2. Ne2 d6 3. g3 g6 4. Bg2 Bg7 5. d4 cxd4 6. Nxd4 Nf6 7. Nc3 O-O 8. O-O
Bg4 9. Nde2 Nc6 10. h3 Bxe2 11. Qxe2 Rc8 12. Be3 Ne5 13. Rad1 Nc4 14. Bc1 Qa5
15. a3 Qa6 16. Nb1 Qb6 17. b3 Na5 18. Be3 Qc7 19. Rd2 Nd7 20. f4 a6 21. Rfd1
Rfd8 22. a4 Nc6 23. Qf1 Nb4 24. Na3 Na2 25. c4 Nb4 26. Qf3 Nc5 27. Bf2 e6 28.
e5 Bf8 29. exd6 Rxd6 30. Rxd6 Bxd6 31. Bd4 Nc6 32. Bb2 e5 33. Qc3 Ne6 34. Nc2
Ncd4 35. Kh1 Nxc2 36. Qxc2 Nd4 37. Qd3 f6 38. Bxd4 exd4 39. Qxd4 Be7 40. Qd7
Kf8 41. Bxb7 Qxd7 42. Rxd7 Rb8 43. a5 h5 44. Kg2 Bb4 45. Bxa6 Bxa5 46. Bb7 Bb4
47. Kf3 Re8 48. Bd5 Re7 49. Rd8+ Re8 50. Rd7 Re7 51. Rd8+ Re8 52. Rxe8+ Kxe8
53. h4 Ke7 54. Bg8 f5 55. Ke2 Kf8 56. Bd5 Ke7 57. Bf3 Kd6 58. Bd5 Ke7 59. Ke3
Be1 60. c5 Bxg3 61. b4 Bxh4 62. b5 Be1 63. b6 Ba5 64. Kd4 h4 65. Kc4 Kd8 66.
Kb5 Bd2 67. c6 Bxf4 68. Ka6 Kc8 69. Ka7 h3 70. b7+ 1-0